| 000 | 00953nam a2200289 c 4500 | ||
|---|---|---|---|
| 999 |
_c187745 _d187745 |
||
| 003 | BLK | ||
| 005 | 20221021160050.0 | ||
| 008 | 180411b bul|||||r ||||||| ||bul|| | ||
| 010 | _aKNG00196762000 | ||
| 040 | _aBLK | ||
| 041 |
_aBUL _cBUL |
||
| 080 |
_aМатематика _b51 _z51 |
||
| 100 | 1 |
_aСлавков, Светослав _eпърви автор _9344415 |
|
| 139 |
_aСлавков, Светослав _bС 43 |
||
| 245 | 1 | 0 |
_aФилософия, математика, действителност _bМоногр. _cСветослав Славков. |
| 257 | _aBGR | ||
| 260 |
_aСофия _bБАН _c1976 |
||
| 300 |
_a242 с. _c21 см |
||
| 380 | _a5 | ||
| 500 | _a1 200 тир. | ||
| 650 | 4 |
_aМатематика - философски проблеми _9344416 |
|
| 852 | _aЦб 83304 | ||
| 856 | 4 |
_qpdf _i0.00 _ldisable |
|
| 856 | 4 |
_qpdf _i0.00 _ldisable |
|
| 942 |
_cKNG _n0 _s1 |
||
| 944 |
_aCR _c23.11.2016 _kПравда_Бадева |
||
| 944 |
_aED _c23.11.2016 _kПравда_Бадева |
||
| 944 |
_aED _c2022-10-21 _kХристина Везирева |
||
| 999 | _d187745 | ||